书目信息 |
| 题名: |
名牌战略
|
|
| 作者: | 刘仲康 著 | |
| 分册: | ||
| 出版信息: | 北京 中国友谊出版公司 1997.09 |
|
| 页数: | 304页 | |
| 开本: | 32开 | |
| 丛书名: | ||
| 单 册: | ||
| 中图分类: | F270.7 | |
| 科图分类: | ||
| 主题词: | 企业经济 | |
| 电子资源: | ||
| ISBN: | 7-5057-1385-X | |
| 000 | 00537nam0 2200193 45 | |
| 001 | 0008111550 | |
| 005 | 20000811154816.4 | |
| 010 | @a7-5057-1385-X@d20.00元 | |
| 100 | @a20000811d1997 km y0chiy0120 ea | |
| 101 | 0 | @achi |
| 105 | @a z 000yy | |
| 200 | 1 | @a名牌战略@AMing Pai Zhan Lue@f刘仲康等著@FLiu Zhong Kang Deng Zhu |
| 210 | @a北京@c中国友谊出版公司@d1997.09 | |
| 215 | @a304页@d32开 | |
| 606 | 0 | @a企业经济 |
| 690 | @aF270.7@v3 | |
| 701 | 0 | @a刘仲康@4著 |
| 801 | @aCN@bPftUser@c20000811 | |
| 905 | @b104367-371@dF270.7@eL389@f5 | |
| 名牌战略/刘仲康等著.-北京:中国友谊出版公司,1997.09 |
| 304页;32开 |
| ISBN 7-5057-1385-X:20.00元 |
| ● |
| 相关链接 |
|
|
|
正题名:名牌战略
索取号:F270.7/L389
 
预约/预借
| 序号 | 登录号 | 条形码 | 馆藏地/架位号 | 状态 | 备注 |
| 1 | 104367 | 201043673 | 社科二线422/409社科库 86排3列3层/ [索取号:F270.7/L389] | 在馆 | |
| 2 | 104368 | 201043682 | 社科库409/409社科库 86排3列3层/ [索取号:F270.7/L389] | 在馆 | |
| 3 | 104369 | 201043691 | 社科二线422/409社科库 86排3列3层/ [索取号:F270.7/L389] | 在馆 | |
| 4 | 104370 | 201043708 | 社科二线422/409社科库 86排3列3层/ [索取号:F270.7/L389] | 在馆 | |
| 5 | 104371 | 201043717 | 社科二线422/422社科库 27排1列1层/ [索取号:F270.7/L389] | 在馆 |